Neuronale Netze <Die> nächste Computer-Revolution

Na minha lista:
Detalhes bibliográficos
Autor principal: Brunak, Soren
Outros Autores: Lautrup, Benny, Heim, Malte
Formato: Livro
Idioma:alemão
Publicado em: München Hanser 1993
Edição:1. Aufl.
Assuntos:
Tags: Adicionar Tag
Sem tags, seja o primeiro a adicionar uma tag!

MARC

LEADER 00000nam a2200000 4500
001 c004702
005 20221206075610.0
020 |a 3-446-17440-0 
041 0 |a ger 
044 |a DE 
245 1 0 |a Neuronale Netze  |b <Die> nächste Computer-Revolution  |c Soren Brunak, Benny Lautrup ; Prekl. Malte Heim 
250 |a 1. Aufl. 
264 1 |a München  |b Hanser  |c 1993 
300 |a 158 s. 
610 2 0 |a siete počítačové 
610 2 0 |a neuropočítače 
610 2 0 |a spracovanie dát 
610 2 0 |a komunikácia 
610 2 0 |a počítače 
610 2 0 |a informácie 
100 1 |a Brunak, Soren 
700 1 |a Lautrup, Benny 
700 1 |a Heim, Malte